Boy Meets World Characters Quiz Stats

 Plays Quiz Updated Nov 7, 2014

Score 0/16 Timer 04:00
7 Plays Today
# of Episodes Character % Correct
158Cory Matthews
96.9%
150Topanga Lawrence
95.5%
158Shawn Hunter
92.6%
142Eric Matthews
88%
133George Feeny
85.7%
123Amy Matthews
66.8%
120Alan Matthews
66.7%
58Angela Moore
66.2%
# of Episodes Character % Correct
23Stuart Minkus
60.3%
55Jack Hunter
60.1%
78Morgan Matthews
59.8%
38Rachel McGuire
55.5%
50Jonathan Turner
48.3%
13Chet Hunter
36.3%
19Frankie Stechino
32.6%
16Joey Epstein
28%

You're not logged in!

Compare scores with friends on all Sporcle quizzes.
OR
Log In

Sporcle TV

Today on Sporcle TV


Watch our educational content, quiz creation guides, and fun videos on Sporcle TV.

Show Comments

Extras

Top Quizzes Today


Score Distribution

Your Account Isn't Verified!

In order to create a playlist on Sporcle, you need to verify the email address you used during registration. Go to your Sporcle Settings to finish the process.

Report this User

Report this user for behavior that violates our Community Guidelines.

Details: